00359nam a2200145Ia 4500008004100000020001200041040001600053041001200069082001800081100001200099245003400111250001200145260004500157300001100202230917s9999||||xx |||||||||||||| ||und|| cPON6.95 e25101aMAIN aEnglish a301.045 F367D aFenbton 0aDurkheim and modern sociology aIst ed. aLondonbCambridge University Pressc1984 a276 p.